LEADER 00932nam a2200253 i 4500 001 000000168287 003 CaOOAMICUS 005 20080104000000.0 008 080104s1976 it u000 u ita u 013 $a145689 040 $aSeMil$bita 100 1 $aCoccioli, Carlo,$d<1920-2003>.$0(OLS)http://semarc/name/20653 245 10$aManuel il messicano :$bromanzo /$cCarlo Coccioli. 260 $aMilano :$bRusconi,$c1976. 300 $a326 p. ;$c20 cm. 490 0 $aBiblioteca Rusconi ;$v26 500 $aFondo Card. Giovanni Colombo. 830 0$aBiblioteca Rusconi ;$v26.$0(OLS)http://semarc/title/12460 850 $aSeMil 852 $aSeMil$W1$xVenegono$y1$m1B II 326$j239706$B119374$CSeMilBibl$Z2$F130392 $81 941 1 $a3 961 $aLascito: Colombo Card. Giovanni 996 $6245$aManuel il messicano :$bromanzo$9(OLS)http://semarc/title/240771 996 $6260$aMilano :$bRusconi$9(OLS)http://semarc/publisher/30258 LEADER 01452nam a2200229 i 4500 001 000000169153 003 CaOOAMICUS 005 20210311180015.0 008 080212s1495 it u000 u lat u 013 $a146556 040 $aSeMil$bita 245 10$aDialogus de contemptu mundi ; [seguono :] Consilium Tobiae ; Deuteronomium 21, 18-21 ; Salutatio nativitatis Jesu Christi. 260 $aBrescia :$bBernardino Misinta,$c[c. 1495] 300 $a14 x 19,5 ;$ccc. 4 ;$cgot. e rom. 500 $aH 6122 ; GW 8275 ; BMC VIII, 990 ; IGI II, 3410. - Legatura in pelle. - Restaurato a cura d. P.I. - E' legato con altri opuscoli di diversi autori. - Descrizione da : Incunaboli e Cinquecentine della Biblioteca del Seminario di Milano / catalogo a cura di Ubaldo Valentini, Milano 1981. - Numero di catalogo : 44. 700 0 $aEgidio : Romano,$c.$0(OLS)http://semarc/name/26321 850 $aSeMil 852 $aSeMil$W1$xVenegono$y1$mMM A 128$j224889$qCD-ROM: riproduzione integrale dell'Incunabolo FV.A-II-21/8$B235861$CSeMilBibl$Z2$F235861 $8I 852 $aSeMil$W1$xVenegono$y1$mFV.A II 21/8$j224895$B120117$CSeMilBibl$Z2$F131399 $86 996 $6245$aDialogus de contemptu mundi ; [seguono :] Consilium Tobiae ; Deuteronomium 21, 18-21 ; Salutatio nativitatis Jesu Christi$9(OLS)http://semarc/title/241906 996 $6260$aBrescia :$bBernardino Misinta$9(OLS)http://semarc/publisher/48810